Teen/YA LGBTQ Novels - Statistics

General Stats
  • This quiz has been taken 25 times
  • The average score is 8 of 20
Answer Stats
Hint Answer % Correct
After a scandal throws them together, First Son Alex and Prince Henry fake a friendship for the press—until it blossoms into something real Red, White & Royal Blue
89%
Patroclus recounts his life alongside Achilles, from boyhood in Greece to the fateful war that would define their bond The Song of Achilles
89%
At an English boys’ school, shy Charlie Spring and rugby player Nick Nelson discover their growing friendship might be turning into first love Heartstopper
83%
One sun-drenched summer in Italy, Elio’s quiet life is upended when he falls for an older student staying at his family’s villa Call Me By Your Name
67%
In New York City, Mateo and Rufus meet through an app that predicts their last day and set out to live an entire lifetime before sunrise They Both Die At The End
67%
In the Wyoming mountains, Ennis and Jack’s summer job sparks a hidden love that shadows them for years to come Brokeback Mountain
61%
When secret emails fall into the wrong hands, Simon Spier risks being outed unless he comes clean—and faces his anonymous crush in real life Simon vs. the Homo Sapiens Agenda
50%
In 1980s El Paso, Ari Mendoza and Dante Quintana form an unlikely friendship that leads them toward love, identity, and family truths Aristotle & Dante Discover the Secrets of the Universe
39%
Determined to prove himself, Yadriel summons a ghost who won’t leave until they uncover the truth—leading to an unexpected friendship and something more Cemetery Boys
33%
Felix Love, a Black trans teen artist, faces anonymous harassment, a tangled romance, and the messy, joyful process of finding himself Felix Ever After
33%
At Watford School of Magicks, reluctant Chosen One Simon Snow faces monsters, prophecies, and his infuriating rival Baz, who might be something more Carry On
28%
After Shara vanishes just before graduation, Chloe Green and her unlikely allies follow a trail of notes that reveal far more than they expected I Kissed Shara Wheeler
28%
New to New York, August stumbles into a romance when she discovers that the dazzling girl she keeps meeting on the subway is trapped out of her own time One Last Stop
28%
To fix his public image, Luc O’Donnell agrees to fake-date Oliver Blackwood, a polished lawyer whose opposite charm feels a little too real Boyfriend Material
17%
Estranged twins Jude and Noah tell the story of love, betrayal, and art from opposite sides of time as they slowly piece themselves back together I'll Give You the Sun
17%
When two very different boys with the same name collide one night in Chicago, their lives intertwine through friendship, heartbreak, and the unforgettable Tiny Cooper Will Grayson, Will Grayson
17%
In rural Maryland, openly gay teen Jake launches his town’s first Pride parade, stirring both fierce opposition and heartfelt support Small Town Pride
11%
List-obsessed theater kid Jackson Ghasnavi juggles family expectations, high school drama, and a confusing new crush on his leading man, Liam The Breakup Lists
11%
When Cal’s father is chosen for a NASA mission, a move to Houston throws him into the media spotlight and into an unexpected romance with a fellow astronaut’s son The Gravity of Us
11%
At summer hockey camp, childhood best friends Jamie and Wes reconnect, forcing them to confront old secrets and a new kind of chemistry Him
6%
No matching quizzes found
Score Distribution
Percent of People with Each Score
Percentile by Number Answered
Your Score History
You have not taken this quiz